[Event "XI Sants Open"]
[Site "Barcelona ESP"]
[Date "2009.08.30"]
[Round "10"]
[White "Martinez Duany,L"]
[Black "Lemos,D"]
[Result "1/2-1/2"]
[WhiteElo "2507"]
[BlackElo "2511"]

1.e4 c5 2.Nf3 e6 3.Nc3 a6 4.d4 cxd4 5.Nxd4 Qc7 6.Bd3 Nf6 7.O-O Bc5 8.Nb3 Be7
9.f4 d6 10.Qe2 Nc6 11.Bd2 b5 12.a4 b4 13.Nd1 e5 14.Ne3 Be6 15.fxe5 Nxe5  1/2-1/2

[Event "6th LGA Premium Cup"]
[Site "Nuernberg GER"]
[Date "2009.09.03"]
[Round "1"]
[White "Heberla,B"]
[Black "Baeuml,U"]
[Result "1-0"]
[WhiteElo "2536"]
[BlackElo "2100"]

1.e4 e6 2.Nc3 c5 3.Nf3 a6 4.d4 cxd4 5.Nxd4 Qc7 6.g3 Nf6 7.Bg2 Be7 8.O-O O-O
9.Be3 d6 10.g4 Nc6 11.g5 Nd7 12.f4 Nxd4 13.Bxd4 b5 14.Qh5 Bb7 15.Rf3 Rfe8
16.Raf1 Qc4 17.Rd3 Nf8 18.b3 Qc7 19.f5 e5 20.Be3 b4 21.Nd5 Bxd5 22.Rxd5 f6
23.g6 h6 24.Rf3 Bd8 25.Bf1  1-0

[Event "TCh-SRB 1st League"]
[Site "Kragujevac SRB"]
[Date "2009.09.04"]
[Round "4"]
[White "Brenjo,S"]
[Black "Markus,Rob"]
[Result "1/2-1/2"]
[WhiteElo "2495"]
[BlackElo "2608"]

1.e4 c5 2.Nf3 e6 3.d4 cxd4 4.Nxd4 a6 5.Nc3 b5 6.Bd3 Bb7 7.O-O Nc6 8.Nxc6 Bxc6
9.Re1 Bc5 10.Qh5 d6 11.e5 g6 12.Qh3 dxe5 13.a4 b4 14.Ne4 Be7 15.Qg3 Qc7 16.a5 Nf6
17.Nxf6+ Bxf6 18.Bd2 Qb7 19.Bf1 O-O 20.Rxe5 Rfd8 21.Bh6 Rd5 22.Rxd5 Bxd5
23.c3 bxc3 24.bxc3 Qb2 25.Rc1 Bg7  1/2-1/2

[Event "ch-RUS HL"]
[Site "Ulan Ude RUS"]
[Date "2009.09.05"]
[Round "4"]
[White "Nikolenko,O"]
[Black "Vorobiov,E"]
[Result "0-1"]
[WhiteElo "2533"]
[BlackElo "2606"]

1.e4 c5 2.Nf3 e6 3.Nc3 a6 4.d4 cxd4 5.Nxd4 b5 6.Bd3 Bb7 7.O-O Nc6 8.Nxc6 Bxc6
9.Re1 Bc5 10.a4 b4 11.Nd5 Ne7 12.Bg5 exd5 13.exd5 Bxd5 14.Re5 Qc7 15.Rxd5 Nxd5
16.Qf3 Qe5 17.Bc4 Qxg5 18.Bxd5 Rc8 19.Re1+ Kd8 20.Bb7 Re8 21.Rd1 Qd2 22.Kf1 Qxc2
23.Bxa6 Rc6  0-1

[Event "4th Xtracon Skovbo"]
[Site "Borup DEN"]
[Date "2009.09.06"]
[Round "4"]
[White "Sulskis,S"]
[Black "Miezis,N"]
[Result "1/2-1/2"]
[WhiteElo "2568"]
[BlackElo "2558"]

1.e4 c5 2.Nf3 e6 3.Nc3 a6 4.d4 cxd4 5.Nxd4 Qc7 6.Bd3 Nc6 7.Nxc6 dxc6 8.f4 e5
9.O-O Nf6 10.Kh1 Bd6 11.Qe2 h5 12.f5 b5 13.a4 Bb7 14.Bg5 Bc5 15.Nb1 h4 16.Nd2 Be7
17.Be3 Rd8 18.Rf3 h3 19.gxh3 Kf8 20.Kg1 c5 21.axb5 axb5 22.Bxb5 Nxe4 23.Nxe4 Bxe4
24.Rg3 Bxf5 25.Bc4 g6 26.Rf1 Qc6 27.b3 Rh4 28.Qf2 Rxc4 29.bxc4 Bh4 30.Bxc5+ Ke8
31.Qe3 Bxg3 32.hxg3 f6 33.g4 Bxc2 34.g5 Rc8 35.Ba3 Bf5 36.gxf6 Qxf6 37.c5 Kf7
38.Bb2 Qe7 39.Rc1 Rh8 40.Qb3+ Kf6 41.Qd5 Qe6 42.Qxe6+ Kxe6 43.c6 Bxh3 44.c7 Rc8
45.Kf2 Bf5 46.Kf3 Kd6  1/2-1/2

[Event "FSIMA September"]
[Site "Budapest HUN"]
[Date "2009.09.06"]
[Round "2"]
[White "Moskovic,D"]
[Black "Gruenhagen,M"]
[Result "1/2-1/2"]
[WhiteElo "2307"]
[BlackElo "2113"]

1.e4 c5 2.Nf3 e6 3.Nc3 a6 4.d4 cxd4 5.Nxd4 b5 6.Bd3 Qb6 7.Nf3 Nc6 8.O-O Qb8
9.a4 b4 10.Nb1 Bd6 11.Nbd2 Nge7 12.b3 Ne5 13.Bb2 N7g6 14.Nxe5 Nxe5 15.f4 Nxd3
16.cxd3 Bxf4 17.Qf3 Bxh2+ 18.Kh1 O-O 19.g3 Qxg3 20.Qxg3 Bxg3 21.Rg1 f6 22.Rxg3 d5
23.Rf1 e5 24.Rc1 Bb7 25.Kg1 Rac8 26.exd5 Bxd5 27.Nc4 h5 28.Kf2 g5 29.Ke3 h4
30.Rgg1 h3 31.Rc2 Bg2 32.a5 h2 33.Rcxg2 hxg1=Q+ 34.Rxg1 Kh7 35.Ke4 Kg6  1/2-1/2

[Event "FSIMB September"]
[Site "Budapest HUN"]
[Date "2009.09.07"]
[Round "3"]
[White "Szalanczy,E"]
[Black "Shao Shuai"]
[Result "1-0"]
[WhiteElo "2354"]
[BlackElo "2149"]

1.e4 c5 2.Nf3 e6 3.d4 cxd4 4.Nxd4 a6 5.Nc3 Qc7 6.Bd3 Nf6 7.O-O Bd6 8.Nf3 Nc6
9.Bd2 b6 10.Qe2 Bb7 11.Rae1 Ng4 12.h3 Nge5 13.Nxe5 Nxe5 14.f4 Bc5+ 15.Kh1 Nxd3
16.cxd3 O-O 17.Rc1 Qd6 18.e5 Qe7 19.Ne4 Bxe4 20.Qxe4 b5 21.d4 Bb4 22.Be3 d5
23.Qc2 f5 24.a3 Ba5 25.Qc6 Ra7 26.Rf2 Rb8 27.Rfc2 Kf7 28.g3 Rbb7 29.Qc8 h6  1-0

[Event "31st Southern California Open"]
[Site "San Diego USA"]
[Date "2009.09.07"]
[Round "5"]
[White "Khachiyan,M"]
[Black "Aldama Degurnay,D"]
[Result "1-0"]
[WhiteElo "2516"]
[BlackElo "2451"]

1.e4 c5 2.Nf3 e6 3.d4 cxd4 4.Nxd4 a6 5.Nc3 Qc7 6.Be2 Nf6 7.O-O Nc6 8.Be3 d6
9.a4 Be7 10.Nb3 b6 11.f4 O-O 12.Bf3 Bb7 13.Qe2 Rfe8 14.Rad1 Bf8 15.Bf2 Rab8
16.Bg3 Ne7 17.e5 dxe5 18.fxe5 Nd7 19.Ne4 Nf5 20.Nd6 Nxg3 21.hxg3 Bxf3 22.Rxf3 Bxd6
23.exd6 Qc6 24.Rd4 b5 25.Rc3 Qb6 26.a5 Qa7 27.Qf2 Rbc8 28.Rdd3 Qxf2+ 29.Kxf2 e5
30.Rc7 Rcd8 31.Nc5 Nxc5 32.Rxc5 Kf8 33.Rc6 e4 34.Rd5 e3+ 35.Ke2 Re6 36.Rxa6 Rg6
37.Kxe3 Re8+ 38.Kf4 Rf6+ 39.Rf5 Rfe6 40.Ra7 Re4+ 41.Kf3 Re3+ 42.Kg4 f6 43.Rxb5 Re1
44.Re7 R8xe7 45.dxe7+ Kxe7 46.b4 Rf1 47.Rb7+ Ke6 48.Rxg7 h6 49.a6  1-0

[Event "7th ch-Mediterranean"]
[Site "Rijeka CRO"]
[Date "2009.09.12"]
[Round "3"]
[White "Gator,Mosab"]
[Black "Galego,L"]
[Result "1-0"]
[WhiteElo "2139"]
[BlackElo "2454"]

1.e4 c5 2.Nf3 e6 3.d4 cxd4 4.Nxd4 a6 5.Nc3 Qc7 6.Be2 Nf6 7.O-O Bb4 8.Qd3 d6
9.Bd2 Bc5 10.Nb3 Ba7 11.Bf4 e5 12.Bg5 Nbd7 13.Rad1 Bb8 14.Qg3 O-O 15.f4 Kh8
16.fxe5 dxe5 17.Kh1 Qc6 18.Qh4 Ng8 19.Bh5 f6 20.Bg6 h6 21.Bc1 Nc5 22.Nd5 Nxb3
23.cxb3 Ba7 24.Bd2 Bc5 25.Rc1 Qd6 26.b4 Bb6 27.b5 a5 28.Be3 Bxe3 29.Nxe3 Be6
30.Bf5 Bxa2 31.Qg4 Bf7 32.Rfd1 Qb6 33.Nc4 Qf2 34.Nd6 Ne7 35.Rc7 Rae8 36.Rxe7 Rxe7
37.Nxf7+ Kg8 38.Qg6 Rfe8 39.Nd6 Kf8 40.Qh7  1-0

[Event "FSIMA September"]
[Site "Budapest HUN"]
[Date "2009.09.17"]
[Round "13"]
[White "Feher,Ad"]
[Black "Gruenhagen,M"]
[Result "1-0"]
[WhiteElo "2224"]
[BlackElo "2113"]

1.e4 c5 2.Nf3 e6 3.d4 cxd4 4.Nxd4 a6 5.Nc3 d6 6.Be2 Nf6 7.a4 b6 8.f4 Nbd7
9.O-O Bb7 10.Bf3 Be7 11.e5 Bxf3 12.Nxf3 dxe5 13.fxe5 Ng4 14.Qe2 Ndxe5 15.Nxe5 Qd4+
16.Kh1 Nxe5 17.Rd1 Qc5 18.Be3 Qc6 19.Bd4 Ng6 20.Qe4 Qxe4 21.Nxe4 O-O 22.Bxb6 Rfc8
23.c3 Rab8 24.a5 Ne5 25.b4 Rc4 26.Nc5 Rxc3 27.Nxa6 Ra8 28.Bd4 Rc4 29.Bxe5 f6
30.Bd6  1-0

[Event "TCh-SRB w"]
[Site "Pozarevac SRB"]
[Date "2009.09.18"]
[Round "5"]
[White "Milanovic,Ma"]
[Black "Mladenovic,J"]
[Result "0-1"]
[WhiteElo "1739"]
[BlackElo "2150"]

1.e4 c5 2.Nf3 e6 3.d4 cxd4 4.Nxd4 a6 5.Nc3 Qc7 6.Be3 Nf6 7.Be2 Bb4 8.Qd3 Nxe4
9.Bd2 Nxd2 10.Kxd2 Nc6 11.g3 O-O 12.f4 b5 13.Bf3 Bb7 14.Raf1 Rac8 15.Nxc6 Bxc6
16.h3 Qa5 17.a3 Bxc3+ 18.Qxc3 Qxc3+ 19.bxc3 Bxf3 20.Rxf3 Rc4 21.Re3 h5 22.h4 Rfc8
23.Rb1 d5 24.Rb4 g6 25.Rd3 Kf8 26.Rb1 Ke7 27.Re1 Kd6 28.Rde3 d4 29.Rd3 Rxc3
30.Rxd4+ Ke7 31.Rd3 Rxc2+ 32.Ke3 R8c3 33.Rd1 a5 34.Ke4 Rxd3 35.Rxd3 Rb2 36.Kd4 b4
37.Kc4 bxa3 38.Rxa3 Rc2+ 39.Kb3 Rc5 40.Ra4 Kf6 41.Rd4 Rd5 42.Rc4 Rd3+ 43.Rc3 Rxc3+
44.Kxc3 Kf5  0-1

[Event "SPICE Cup B"]
[Site "Lubbuck USA"]
[Date "2009.09.20"]
[Round "2"]
[White "Perelshteyn,E"]
[Black "Papp,Ga"]
[Result "1/2-1/2"]
[WhiteElo "2534"]
[BlackElo "2558"]

1.e4 c5 2.Nf3 e6 3.d4 cxd4 4.Nxd4 a6 5.Nc3 b5 6.Bd3 Qb6 7.Nb3 Qc7 8.O-O Bb7
9.Qe2 Nf6 10.f4 d6 11.a4 b4 12.Nd1 Nbd7 13.Nf2 Be7 14.Bd2 a5 15.c3 bxc3 16.Rfc1 O-O
17.Rxc3 Qb8 18.Nd4 e5 19.Nf5 Bd8 20.Ng4 d5 21.exd5 Nxd5 22.fxe5 Re8 23.Ngh6+ Kf8
24.Nxf7 Bb6+ 25.Kh1 Nxe5 26.N7d6 Re6 27.Rf1 Kg8 28.Qe4 g6 29.Nh6+ Kg7 30.Rf7+ Nxf7
31.Qxe6 Nxd6 32.Qd7+ Kh8 33.Bxg6 Nf6 34.Rg3 Bd4 35.Qxd6 Qxd6 36.Nf7+ Kg8
37.Nxd6 Be5 38.Bf7+ Kf8 39.Rb3 Ba6 40.Nc4 Bd4 41.Nd6 Be5 42.Nc4 Bd4 43.Nd6 Ng4
44.g3 Rd8 45.Bf4 Rxd6 46.Bxd6+ Kxf7 47.Kg2 Bc4 48.Rf3+ Ke6 49.Rf4 Bd5+ 50.Kf1 Nxh2+
51.Ke2 Bxb2 52.Bc7 Bc3 53.Kd3 Bb4 54.Rh4 Nf3 55.Rh6+ Kd7 56.Rxh7+ Kc6 57.Bf4 Bb3
58.Ke3 Ne1 59.Rh6+ Kd5 60.Rh5+ Kc6 61.Rh6+ Kd7 62.Rh7+ Ke6 63.Rh6+ Kf7 64.Ke2 Bxa4
65.Bd2 Nc2 66.Rh5 Nd4+ 67.Kd3 Nc6 68.Bxb4 axb4 69.Kc4 Bd1 70.Rc5 Be2+ 71.Kb3 Bd1+
72.Kc4 Be2+ 73.Kb3 Bd1+  1/2-1/2

[Event "TCh-ROU w Superliga"]
[Site "Eforie Nord ROU"]
[Date "2009.09.21"]
[Round "3"]
[White "Jackova,J"]
[Black "Peptan,C"]
[Result "1/2-1/2"]
[WhiteElo "2393"]
[BlackElo "2387"]

1.e4 c5 2.Nf3 e6 3.Nc3 a6 4.d4 cxd4 5.Nxd4 Qc7 6.Bd3 Nc6 7.Be3 Nf6 8.O-O b5
9.Nxc6 Qxc6 10.f3 Bb7 11.Qe1 Bc5 12.Kh1 Bxe3 13.Qxe3 d6 14.a4 b4 15.Na2 Qc5
16.Qd2 a5 17.Bb5+ Ke7 18.c3 bxc3 19.Nxc3 Rhd8 20.Rac1 Qb6 21.Nd1 Kf8 22.Ne3 d5
23.e5 Nd7 24.Bxd7 Rxd7 25.Nc4 Qc6 26.Nxa5 Qxa4 27.Rc5 Ba6 28.Rfc1 d4 29.b3 Qa3
30.h3 d3 31.Kh2 h6 32.Kg3 Kg8 33.Kf2 Rb8 34.Nc6 Rxb3 35.Ra5 Qb2 36.Ra2 Qxd2+
37.Rxd2 Rb6 38.Na5 Rb5 39.Ra1 Rc7 40.Nb3 Rb6 41.Nd4 f6 42.f4 fxe5 43.fxe5 Kf7
44.Ke3 Rc5 45.Nf3 g5 46.Ra4 Kg6 47.h4 Rc4 48.Rda2 Rxa4 49.Rxa4 Bb7 50.hxg5 hxg5
51.Kxd3 Rb3+ 52.Ke2 Rb2+ 53.Kf1 Kf5 54.g4+ Kg6 55.Nd4 Bd5 56.Ke1 Rg2 57.Ra6 Rxg4
58.Nxe6 Kf5 59.Nc5 Kxe5 60.Nd7+ Kf5 61.Ra5 Rg1+ 62.Kf2 Rg2+ 63.Kf1 Rd2 64.Nb6 Ke4
65.Rxd5 Rxd5  1/2-1/2

[Event "TCh-ROU w Superliga"]
[Site "Eforie Nord ROU"]
[Date "2009.09.21"]
[Round "3"]
[White "Sandu,Mi"]
[Black "Plass,M"]
[Result "1/2-1/2"]
[WhiteElo "2270"]
[BlackElo "2127"]

1.e4 c5 2.Nc3 e6 3.Nf3 a6 4.d4 cxd4 5.Nxd4 Qc7 6.Be3 Nc6 7.Bd3 Nf6 8.O-O b5
9.Nxc6 dxc6 10.f4 e5 11.f5 Bb7 12.Qf3 h5 13.Kh1 Bb4 14.Nd1 Rd8 15.Nf2 Qe7
16.a4 Bc5 17.Bg5 Rd6 18.Qg3 h4 19.Qf3 Qd7 20.Ng4 Nxg4 21.Qxg4 Bd4 22.c3 Bb6
23.Be2 h3 24.gxh3 c5 25.axb5 axb5 26.Rad1 c4 27.b4 f6 28.Bh4 Rxd1 29.Rxd1 Qc6
30.Bf3 O-O 31.Bg3  1/2-1/2

[Event "TCh-SRB w"]
[Site "Pozarevac SRB"]
[Date "2009.09.21"]
[Round "8"]
[White "Zarkovic,M"]
[Black "Vojvodic,S"]
[Result "1-0"]
[WhiteElo "1832"]
[BlackElo "1792"]

1.e4 c5 2.Nf3 e6 3.d4 cxd4 4.Nxd4 a6 5.Nc3 Qc7 6.Be2 Bb4 7.Qd3 Nf6 8.O-O Nc6
9.Nxc6 bxc6 10.f4 d5 11.e5 Bxc3 12.bxc3 Ne4 13.Bf3 Nc5 14.Qd4 Nb7 15.Ba3 c5
16.Qe3 Qa5 17.Bc1 c4 18.Kh1 O-O 19.g4 Rd8 20.Bg2 Qc5 21.Qd4 Bd7 22.Be3 Qxd4
23.Bxd4 g6 24.Rab1 Bc6 25.f5 exf5 26.gxf5 Re8 27.Rb6 Nd8 28.fxg6 hxg6 29.Rf6 Re6
30.Kg1 a5 31.Kf2 a4 32.a3 Kf8 33.Ke3 Ke8 34.Bh3 Rxf6 35.exf6 Ra5 36.Rb8 Rb5
37.Bb6 d4+ 38.cxd4 Rxb6 39.Rxb6 Bd7 40.Bxd7+ Kxd7 41.Rb4  1-0

[Event "18th TCh-CRO w"]
[Site "Sibenik CRO"]
[Date "2009.09.21"]
[Round "1"]
[White "Kanceljak,D"]
[Black "Tomulic,V"]
[Result "0-1"]
[WhiteElo "1930"]
[BlackElo "1917"]

1.e4 c5 2.Nf3 e6 3.d4 cxd4 4.Nxd4 a6 5.Nc3 Qc7 6.Be2 Nf6 7.O-O Nc6 8.a3 Nxd4
9.Qxd4 Bc5 10.Qd3 O-O 11.Kh1 d6 12.Qg3 Kh8 13.Bf4 e5 14.Bg5 Be6 15.Bxf6 gxf6
16.Qh4 Qe7 17.f4 Bd4 18.f5 Bxc3 19.Rf3 Rg8 20.Rxc3 Bd7 21.Rd1 Bc6 22.Rh3 Rg7
23.Rhd3 Bb5 24.R3d2 Bxe2 25.Rxe2 Rg5 26.Qe1 Rc8 27.Qb4 Rc5 28.Red2 Qc7 29.Rxd6 Rxc2
30.g3 Rc1 31.Qd2 Rxd1+ 32.Qxd1 Qc4 33.Qe1 Rg4 34.Rxf6 Rxe4 35.Qd1 Rd4 36.Qe1 Qd5+
37.Kg1  0-1

[Event "TCh-ROU w Superliga"]
[Site "Eforie Nord ROU"]
[Date "2009.09.23"]
[Round "5"]
[White "Baciu,A"]
[Black "Peptan,C"]
[Result "0-1"]
[WhiteElo "2167"]
[BlackElo "2387"]

1.e4 c5 2.Nf3 e6 3.d4 cxd4 4.Nxd4 a6 5.Nc3 b5 6.Bd3 Qb6 7.Nb3 Qc7 8.O-O Bb7
9.Re1 b4 10.Ne2 Nf6 11.Ned4 Bd6 12.Nf3 Nc6 13.Qe2 Ng4 14.h3 Nge5 15.Nxe5 Nxe5
16.Bd2 O-O 17.c3 a5 18.Nd4 Qb6 19.Rad1 Bc5 20.Bb5 d6 21.Bf4 Rfd8 22.Bg3 a4
23.f4 Nc6 24.Bxc6 Bxc6 25.Kh1 Bb7 26.Nb5 Bxe4 27.Qxe4 Qxb5 28.c4 Qa6 29.f5 exf5
30.Qd5 Re8 31.Rf1 g6 32.Rf4 Re5 33.Qd2 Be3 34.Qxb4 Bxf4 35.Bxf4 Re4 36.Bh6 Rxc4
37.Qd2 Re8 38.Qg5 Qa5 39.Qg3 Qe5  0-1

[Event "TCh-ROU Superliga"]
[Site "Eforie Nord ROU"]
[Date "2009.09.25"]
[Round "7"]
[White "Manescu,T"]
[Black "Manolache,M"]
[Result "0-1"]
[WhiteElo "2393"]
[BlackElo "2535"]

1.e4 c5 2.Nf3 e6 3.d4 cxd4 4.Nxd4 a6 5.Nc3 d6 6.g3 Nf6 7.Bg2 Be7 8.O-O O-O
9.f4 Nc6 10.Be3 Qc7 11.Nxc6 bxc6 12.Na4 Rb8 13.c4 c5 14.b3 Bb7 15.Nc3 Nd7
16.Qc2 Rbd8 17.Rad1 Bf6 18.Ne2 Nb8 19.g4 Bh4 20.g5 f6 21.Nc3 Qe7 22.e5 fxe5
23.fxe5 Bxg5 24.Rxf8+ Rxf8 25.Bxg5 Qxg5 26.Qd2 Rf4 27.h3 Bxg2 28.Qxg2 Qxe5  0-1

[Event "TCh-ROU w Superliga"]
[Site "Eforie Nord ROU"]
[Date "2009.09.25"]
[Round "7"]
[White "Dembo,Y"]
[Black "Peptan,C"]
[Result "1/2-1/2"]
[WhiteElo "2482"]
[BlackElo "2387"]

1.e4 c5 2.Nf3 e6 3.Nc3 a6 4.d4 cxd4 5.Nxd4 b5 6.Bd3 Bb7 7.O-O Nc6 8.Nxc6 Bxc6
9.Qe2 Bc5 10.Kh1 Ne7 11.f4 O-O 12.e5 Nf5 13.Qg4 f6 14.Ne4 Be7 15.Bd2 Nh6
16.Qh5 f5 17.Nf2 Qb6 18.Be2 Qb7 19.Qh3 Rac8 20.c3 Rfd8 21.Nd3 d6 22.Be3 Nf7
23.exd6 Bxd6 24.Bd4 Nh8 25.Qg3 Ng6 26.Bh5 Be4 27.Bxg6 hxg6 28.Rad1 Kf7 29.Nf2 Bd5
30.Nh3 Be7 31.a3 Rh8 32.Ng5+ Bxg5 33.fxg5 Qc7 34.Qxc7+ Rxc7 35.Kg1 Rh5 36.h3 Kg8
37.Be3 Kf7 38.Bd4 Rd7 39.Be5 Rd8 40.Rd4 Rdh8 41.Bf4 Rc8 42.Rfd1 Rhh8 43.Kf2 Rhe8
44.Be5 Re7 45.g3 Rb7 46.h4 a5 47.Ra1 a4 48.Rad1 Rc5 49.Bd6 Rc6 50.Bb4 Rcc7
51.Ke3 Rd7 52.Kf4 Ke8 53.R1d2 Rbc7 54.Ke5 Rc4 55.Rd1 Rxd4 56.Rxd4 Rc7 57.Bd6 Rc4
58.Rxc4  1/2-1/2

[Event "74th ch-ESP Absoluto"]
[Site "Palma de Mallorca ESP"]
[Date "2009.09.26"]
[Round "1"]
[White "Planells Roig,J"]
[Black "Khamrakulov,I"]
[Result "1/2-1/2"]
[WhiteElo "2108"]
[BlackElo "2554"]

1.e4 c5 2.Nf3 e6 3.d4 cxd4 4.Nxd4 a6 5.Nc3 Qc7 6.g3 Bb4 7.Bd2 Nf6 8.Bg2 O-O
9.O-O Be7 10.Kh1 Nc6 11.Nxc6 bxc6 12.g4 d5 13.g5 Nxe4 14.Nxe4 dxe4 15.Bxe4 Rd8
16.Qe2 Bb7 17.Rad1 c5 18.f3 Rab8 19.Bc3 Kh8 20.Bxb7 Qxb7 21.Qe5 Bf8 22.Qe3 Rd5
23.Rd3 c4 24.Rxd5 Qxd5 25.Qa7 Qb7 26.Qxb7 Rxb7 27.Rd1 Be7 28.f4 f6 29.gxf6 gxf6
30.Rd4 Rc7 31.Kg2 Kg7 32.Kf3 Kg6 33.Rd2 Kf5 34.Rd1 h5 35.h3 h4 36.Be1 Rb7
37.b3 Rc7 38.c3 Ba3 39.Rd4 cxb3 40.axb3 Bb2 41.Rd3 e5 42.fxe5 fxe5 43.Ke3 a5
44.c4 Bd4+ 45.Ke2 Rg7 46.Rf3+ Ke4 47.Bxh4 Rg2+ 48.Bf2 Rh2 49.Rf8 Bxf2 50.Rxf2 Rxh3
51.Rf1 Rxb3 52.Ra1 Rb2+ 53.Ke1 Rb4 54.Rxa5 Rxc4 55.Ra3 Kf4 56.Rb3 Rc8 57.Ra3 Rh8
58.Kf2 e4 59.Ke1 Rh2 60.Rb3 Ra2 61.Rc3 Ke5 62.Rb3 Kd4 63.Rh3 Rb2 64.Ra3 e3
65.Ra8 Rb1+ 66.Ke2 Rb2+ 67.Ke1 Ke4 68.Re8+  1/2-1/2

[Event "TCh-ISL 2009-10"]
[Site "Rekjavik ISL"]
[Date "2009.09.26"]
[Round "3"]
[White "Sigurpalsson,R"]
[Black "Teitsson,S"]
[Result "1/2-1/2"]
[WhiteElo "2193"]
[BlackElo "2085"]

1.e4 c5 2.Nf3 e6 3.d4 cxd4 4.Nxd4 a6 5.Nc3 b5 6.g3 Bb7 7.Bg2 Nf6 8.a3 Qc7
9.O-O Bc5 10.Re1 d6 11.Nb3 Ba7 12.Bf4 e5 13.Bg5 Nbd7 14.Qd2 h6 15.Be3 Bxe3
16.Rxe3 Nb6 17.Na5 Rd8 18.Rd1 Nc4 19.Nxc4 bxc4 20.g4 Bc8 21.h3 Be6 22.Nd5 Bxd5
23.exd5 Nd7 24.Rc3 Rc8 25.Bf1 Nb6 26.b3 Qa7 27.Bxc4 Nxc4 28.Rxc4 Rxc4 29.bxc4 O-O
30.Rb1 f5 31.g5 f4 32.gxh6 Rf6 33.h7+ Kxh7 34.Qd3+ Rg6+ 35.Kf1 Qe7 36.Qf5 Qc7
37.Qe4 Qc8 38.Rb3 Kh6 39.a4 Qd7 40.a5 Qa4 41.Rb8 Qa1+ 42.Ke2 Rg1 43.Rh8+ Kg5
44.Rh5+ Kxh5  1/2-1/2

[Event "18th TCh-CRO w"]
[Site "Sibenik CRO"]
[Date "2009.09.26"]
[Round "6"]
[White "Kanceljak,D"]
[Black "Turk,T"]
[Result "1-0"]
[WhiteElo "1930"]
[BlackElo "1752"]

1.e4 c5 2.Nf3 e6 3.d4 cxd4 4.Nxd4 a6 5.Nc3 Qc7 6.Bd3 Nc6 7.Nb3 Nf6 8.O-O Be7
9.Be3 b5 10.a3 O-O 11.f4 d6 12.Qe1 Ng4 13.Bd2 Qb6+ 14.Kh1 Nf6 15.Qg3 Ne8
16.e5 f5 17.exf6 Nxf6 18.f5 Ne5 19.fxe6 Bxe6 20.Be3 Qd8 21.Nd4 Bd7 22.Nf5 Bxf5
23.Bxf5 Qe8 24.Rae1 Kh8 25.Bd4 Nc6 26.Nd5 Qd8 27.Bc3 Rf7 28.Qh3 h6 29.Bxf6 Bxf6
30.Qh5 Rb7 31.Nxf6 Qxf6 32.Re8+  1-0

[Event "TCh-ROU w Superliga"]
[Site "Eforie Nord ROU"]
[Date "2009.09.27"]
[Round "9"]
[White "Baciu,A"]
[Black "Sandu,Mi"]
[Result "1/2-1/2"]
[WhiteElo "2167"]
[BlackElo "2270"]

1.e4 c5 2.Nf3 e6 3.d4 cxd4 4.Nxd4 a6 5.Nc3 b5 6.Bd3 Qb6 7.Nb3 Qc7 8.Qe2 Nc6
9.O-O Nf6 10.f4 d6 11.Kh1 Be7 12.Bd2 Bb7 13.Rae1 b4 14.Nd1 O-O 15.Rf3 e5
16.Rg3 exf4 17.Bxf4 Ne5 18.Nd4 Ng6 19.Bg5 Ne8 20.Bxe7 Qxe7 21.Qd2 a5 22.Ne3 Nf6
23.Ndf5 Qe6 24.Nc4 Rfd8 25.Ncxd6 Nxe4 26.Rxe4 Bxe4 27.Bxe4 Ra6 28.Rd3 h6
29.Bd5 Qf6 30.Bxf7+ Kh7 31.Bxg6+ Qxg6 32.Qf4 Qf6 33.Ne4 Qxb2 34.h3 Rxd3 35.cxd3 Rg6
36.Nh4 Rb6 37.Qf5+ Kg8 38.Ng6 Qc1+ 39.Kh2 Qc7+ 40.Ne5 a4 41.Nd2 b3 42.axb3 axb3
43.Nxb3 Rxb3 44.Qe6+  1/2-1/2

[Event "74th ch-ESP Absoluto"]
[Site "Palma de Mallorca ESP"]
[Date "2009.09.27"]
[Round "2"]
[White "Galiana Salom,J"]
[Black "Cacho Reigadas,S"]
[Result "0-1"]
[WhiteElo "2216"]
[BlackElo "2484"]

1.e4 c5 2.Nf3 e6 3.d4 cxd4 4.Nxd4 a6 5.Nc3 Qc7 6.Bd3 Nf6 7.Nb3 d6 8.f4 g6
9.Qf3 Bg7 10.Bd2 Nc6 11.O-O O-O 12.Kh1 b5 13.Rae1 Bb7 14.Qh3 b4 15.Nd1 a5
16.Nf2 Rfe8 17.Qh4 Rac8 18.c3 bxc3 19.bxc3 a4 20.Nd4 Nd7 21.Be3 Nxd4 22.cxd4 Qc3
23.Rb1 Bxe4 24.Rbc1 Bxd3 25.Rxc3 Bxf1 26.Rxc8 Rxc8 27.Qe7 Nf6 28.Qb7 Rc3
29.Kg1 Be2 30.Qb8+ Bf8 31.Bd2 Rc2 32.Be3 Rxa2 33.Qb1 Bc4 34.Nd1 Re2 35.Qb4 Bb3  0-1

[Event "18th TCh-CRO"]
[Site "Sibenik CRO"]
[Date "2009.09.27"]
[Round "7"]
[White "Fercec,N"]
[Black "Saric,Iv"]
[Result "0-1"]
[WhiteElo "2463"]
[BlackElo "2573"]

1.e4 c5 2.Nf3 e6 3.d4 cxd4 4.Nxd4 a6 5.Nc3 Qc7 6.Bd3 Nc6 7.Nb3 b5 8.f4 Bb7
9.Qe2 d6 10.Bd2 Nf6 11.O-O-O Nb4 12.Kb1 Nxd3 13.cxd3 b4 14.Na4 Qc6 15.Na5 Qxa4
16.Nxb7 Rb8 17.b3 Qb5 18.Nxd6+ Bxd6 19.e5 Bxe5 20.fxe5 Nd5 21.Rc1 a5 22.Qe4 O-O
23.Qc4 Qb7 24.Ka1 Rfc8 25.Qd4 Rd8 26.Bg5 Rd7 27.Qg4 a4 28.Bf6 g6 29.Qg5 Qa7
30.Qh6 Qd4+ 31.Kb1 Nxf6 32.exf6 Qxf6 33.Rhf1 Qd4  0-1

[Event "74th ch-ESP Absoluto"]
[Site "Palma de Mallorca ESP"]
[Date "2009.09.29"]
[Round "4"]
[White "Shen,Y"]
[Black "Andreu Lopez,S"]
[Result "0-1"]
[WhiteElo "1791"]
[BlackElo "1977"]

1.e4 c5 2.Nf3 e6 3.d4 cxd4 4.Nxd4 a6 5.Nc3 Qc7 6.Be3 Ba3 7.Qc1 Nf6 8.Bd3 Bb4
9.Bd2 b5 10.Nce2 Bxd2+ 11.Qxd2 Bb7 12.Qg5 O-O 13.Ng3 h6 14.Qe3 Nc6 15.Nxc6 dxc6
16.O-O c5 17.Be2 Rad8 18.Rad1 Qe5 19.c3 Qc7 20.f3 Nd7 21.Rd2 f5 22.exf5 exf5
23.Qe6+ Kh8 24.Nxf5 Rf6 25.Nxg7 Rxe6 26.Nxe6 Qe5 27.Nxd8 Qe3+ 28.Rf2 Qxd2
29.Nxb7 Qe1+ 30.Bf1 Qe3 31.Nd6 c4 32.g3 Ne5 33.Kg2 Kh7 34.Nf5 Qc5 35.Nd4 Qd5
36.a3 a5 37.Kg1 b4 38.axb4 axb4 39.Bg2 Nd3 40.f4 Qc5 41.Be4+ Kg8 42.Bxd3 cxd3
43.Rd2 bxc3 44.bxc3 Qxc3 45.Nf3 Qc5+ 46.Kg2 Qe3 47.f5 Kf7 48.g4 Kf6 49.Kg3 h5
50.h3 h4+ 51.Kg2 Qe4 52.Kf2 Qc4 53.Ke3 Qc1 54.Ke4 Qh1 55.Rxd3 Qxh3 56.Rd6+ Ke7
57.Re6+ Kf8 58.Rf6+ Ke7 59.Re6+ Kd8 60.Rd6+ Kc7 61.Rg6 Qg2 62.f6 Qc2+ 63.Ke5 Qxg6
64.Nxh4 Qxg4 65.Nf5 Qe2+ 66.Kf4 Qh5 67.Ke5 Kd7 68.Kf4 Qg6 69.Ke5 Qg5 70.f7 Qd8
71.Nh4 Qe7+  0-1

[Event "18th TCh-CRO"]
[Site "Sibenik CRO"]
[Date "2009.09.29"]
[Round "9"]
[White "Zelcic,R"]
[Black "Hulak,K"]
[Result "1-0"]
[WhiteElo "2550"]
[BlackElo "2520"]

1.e4 c5 2.Nf3 e6 3.d4 cxd4 4.Nxd4 a6 5.Nc3 d6 6.Be2 Nf6 7.O-O Be7 8.f4 O-O
9.Kh1 Nc6 10.Be3 Bd7 11.Qe1 b5 12.a3 Qb8 13.Rd1 b4 14.axb4 Nxb4 15.Rd2 Qc7
16.Qg3 Kh8 17.Rfd1 Rfd8 18.e5 Nfd5 19.Nxd5 Nxd5 20.Bg1 Be8 21.c4 dxe5 22.cxd5 exd4
23.Bxd4 f6 24.dxe6 Bb4 25.Bc3 Rxd2 26.Rxd2 Bd6 27.Rd4 Bc5 28.Rd5 Qb6 29.Bd3 Bb5
30.Bxh7 Bf2 31.Rh5 Bxg3 32.Bg6+ Kg8 33.Bf7+ Kf8 34.Bb4+  1-0

[Event "18th TCh-CRO w"]
[Site "Sibenik CRO"]
[Date "2009.09.29"]
[Round "9"]
[White "Repkova,E"]
[Black "Javakhishvili,L"]
[Result "0-1"]
[WhiteElo "2439"]
[BlackElo "2472"]

1.e4 c5 2.Nf3 e6 3.d4 cxd4 4.Nxd4 a6 5.Nc3 d6 6.g3 Nf6 7.Bg2 Be7 8.O-O Qc7
9.Be3 Nbd7 10.h3 h5 11.Re1 Ne5 12.Bg5 Bd7 13.a4 Rc8 14.Nce2 Qc5 15.Qc1 Qa5
16.Bd2 Qd8 17.Bc3 Rc5 18.f4 Ng6 19.Qe3 Qc8 20.Nb3 Rc4 21.a5 e5 22.f5 Nf8
23.Kh1 g6 24.Nd2 Rc7 25.fxg6 Nxg6 26.Ng1 Ng4 27.Qe2 h4 28.Nf1 hxg3 29.Nxg3 Nf4
30.Qf3 Nf6 31.Nf5 Bxf5 32.exf5 Qxf5 33.Ra4 N6h5 34.Rae4 Rg8 35.Bxe5 dxe5
36.Rxe5 Qxc2 37.Ne2 Rxg2 38.Rxh5 Nxh5  0-1

[Event "Highlands Open"]
[Site "Zdar nad Sazavou CZE"]
[Date "2009.09.30"]
[Round "6"]
[White "Bilek,R"]
[Black "Didi,J"]
[Result "0-1"]
[WhiteElo "1979"]
[BlackElo "2044"]

1.e4 c5 2.Nf3 e6 3.d4 cxd4 4.Nxd4 a6 5.Nc3 Qc7 6.Bd3 Nf6 7.O-O Nc6 8.Nxc6 bxc6
9.f4 d6 10.Qe2 Be7 11.Kh1 O-O 12.e5 Nd7 13.exd6 Bxd6 14.Ne4 Be7 15.Bd2 Nf6
16.Bc3 Nd5 17.Be5 Qb6 18.a3 c5 19.c4 Nc7 20.Qh5 f5 21.Ng5 Bxg5 22.fxg5 Bb7
23.g6 h6 24.Be2 Ne8 25.Rad1 Nf6 26.Qh4 Be4 27.Rd6 Qb7 28.Bf3 Ng4 29.Rxe6 Nxe5
30.Rxe5 Qxb2 31.Qe7 Bxf3 32.Rxf3 Qc1+ 33.Re1 Qxc4 34.Rff1 Qb5 35.Qe6+ Kh8
36.Rxf5 Rae8 37.Ref1 Qxf1+  0-1

[Event "74th ch-ESP Absoluto"]
[Site "Palma de Mallorca ESP"]
[Date "2009.10.01"]
[Round "6"]
[White "Caliz Morales,F"]
[Black "Andreu Lopez,S"]
[Result "0-1"]
[WhiteElo "1885"]
[BlackElo "1977"]

1.e4 c5 2.Nf3 e6 3.d4 cxd4 4.Nxd4 a6 5.Nc3 Qc7 6.a3 b5 7.Bd2 Bb7 8.Nf3 Nf6
9.Bd3 Be7 10.h3 d5 11.exd5 Nxd5 12.Nxd5 Bxd5 13.O-O Bf6 14.c3 Nd7 15.Re1 Nc5
16.Bc2 Qb7 17.Be3 Ne4 18.Bd4 Rd8 19.Qe2 Ng5 20.Nxg5 Bxg5 21.Qg4 Bf6 22.Rad1 h5
23.Qg3 Qc6 24.f3 Ke7 25.Qf4 Rh6 26.Be3 g5 27.Qb4+ Ke8 28.a4 Be7 29.axb5 axb5
30.Qa5 Bc5 31.Bxc5 Qxc5+ 32.Kh1 g4 33.Be4 gxh3 34.gxh3 Ra8 35.Qb4 Qxb4 36.cxb4 Bxe4
37.Rxe4 Ra2 38.Rd2 Rg6 39.Rh4 Rg3 40.Rxh5 Rxf3 41.Kh2 f5 42.Kg2 Rb3 43.Rh4 Ke7
44.Rhd4 Raxb2 45.Rxb2 Rxb2+ 46.Kg3 Kf6 47.h4 Rb3+ 48.Kg2 Ke5 49.Rd8 Rxb4
50.h5 Rh4 51.Rh8 Kf4 52.h6 e5 53.h7 e4 54.Kf2 b4 55.Ke2 Rh2+ 56.Kd1 b3 57.Kc1 e3
58.Rb8 Rxh7 59.Rxb3 Rd7 60.Rb2 Kf3 61.Rh2 f4  0-1